| Поле | Название | Значение |
| |
Тип записи |
a |
| |
Библиографический уровень |
m |
| 001 |
Контрольный номер |
330e3665670d4c2bb5682d03b0b939e1 |
| 005 |
Дата корректировки |
20201206205142.6 |
| 010 |
Индекс ISBN |
__ |
| a |
ISBN |
978-5-98712-813-8 (в пер.) |
| d |
Цена |
408-00, 600 экз. |
| 100 |
Данные общей обработки |
__ |
| a |
Данные общей обработки |
19180828d||||||||||| 0rusy0189 ca |
| 101 |
Язык документа |
0_ |
| a |
Язык текста |
rus |
| 102 |
Страна публикации |
__ |
| a |
Страна публикации |
ru |
| 102 |
Страна публикации |
__ |
| a |
Страна публикации |
ru |
| 105 |
Кодированные данные (монография) |
__ |
| a |
Кодированные данные (монография) |
a|||||||000zy |
| 200 |
Заглавие и сведения об ответственности |
1_ |
| a |
Заглавие |
Дерево сада |
| f |
Первые сведения об ответственности |
Игорь Киршин ; [иллюстрации Е. Мирошник] |
| b |
Общее обозначение материала |
Текст |
| 210 |
Выходные данные |
__ |
| a |
Место издания |
Москва |
| a |
Место издания |
Санкт-Петербург |
| c |
Издательство |
Центр гуманитарных инициатив |
| d |
Дата издания |
2018 |
| 215 |
Физическое описание |
__ |
| a |
Объем |
185, [1] с. |
| c |
Иллюстрации/тип воспроизводства |
ил. |
| d |
Формат |
21 см |
| 330 |
Аннотация |
__ |
| a |
Аннотация |
Книга Игоря Киршина "Дерево Сада" - отражение духа и сердца созданной им образовательной студии "Солнечный Сад". Автор проливает свет на суть своей педагогической жизни. Композиция книги выстраивается по вечной жизненной схеме: Корни, Ствол, Ветви, Листья, Цветы, Плоды, Солнце. Идея "Солнечного Сада" и духовный мир Игоря Киршина - одно целостное явление. В книге собраны письма детям - маленьким, большим и очень большим. |
| 333 |
Примечание о целевом назначении |
__ |
| a |
Примечание о целевом назначении |
12+. Для детей старше 12 лет |
| 600 |
Персоналии |
__ |
| a |
Персоналии (Фамилия) |
Киршин, И. А. |
| c |
Дополнение к имени |
словесник |
| g |
Полное имя |
Игорь Александрович |
| 601 |
Наименование организации как предмет |
__ |
| a |
Наименование организации как предмет |
Солнечный сад, студия |
| 606 |
Тематические рубрики |
__ |
| a |
Основная рубрика |
Художественная литература |
| 606 |
Тематические рубрики |
__ |
| a |
Основная рубрика |
Современная русская литература (произведения) |
| 610 |
Ключевые слова |
__ |
| a |
Ключевые слова |
биографическая литература |
| a |
Ключевые слова |
воспоминания |
| a |
Ключевые слова |
педагогика |
| a |
Ключевые слова |
персоналии |
| a |
Ключевые слова |
письма |
| a |
Ключевые слова |
размышления |
| a |
Ключевые слова |
словесники |
| a |
Ключевые слова |
стихи |
| a |
Ключевые слова |
стихотворения |
| a |
Ключевые слова |
тема Бога |
| a |
Ключевые слова |
тема воспитания |
| a |
Ключевые слова |
тема духовности |
| a |
Ключевые слова |
тема жизни |
| a |
Ключевые слова |
тема педагогики |
| 686 |
Индексы других классификаций |
__ |
| 2 |
Код системы |
rubbks |
| a |
Классификационный индекс |
84(2=411.2)6-49; ст84(2Рос=Рус)6-4 |
| 700 |
Автор |
_1 |
| a |
Фамилия |
Киршин |
| b |
Имя |
И. А. |
| g |
Полное личное имя |
Игорь Александрович |
| 4 |
Код отношения |
070 |
| 702 |
Вторичная интеллектуальная ответственность |
_1 |
| a |
Фамилия |
Мирошник |
| b |
Имя |
Е. |
| 4 |
Код отношения |
Иллюстратор |
| 4 |
Код отношения |
440 |
| 801 |
Источник записи |
_0 |
| a |
Страна |
ru |
| b |
Организация |
Муниципальное бюджетное учреждение культуры "Централизованная библиотечная система" г. Сургут (Центральная городская библиотека им. А. С. Пушкина) |
| c |
Дата составления |
20180828 |
| g |
Правила каталогизации |
rpk |
| 801 |
Источник записи |
_1 |
| a |
Страна |
ru |
| b |
Организация |
Муниципальное бюджетное учреждение культуры "Централизованная библиотечная система" г. Сургут (Центральная городская библиотека им. А. С. Пушкина) |
| c |
Дата составления |
20180828 |
| g |
Правила каталогизации |
rpk |
| 852 |
Данные о местонахождении |
__ |
| j |
Шифр хранения |
84(2=411.2)6-49 |
| i |
Авторский знак |
К 43 |
| 901 |
Тип документа |
__ |
| t |
Тип документа |
m |
| a |
Ответственный |
КиК/Лукашук |
| 903 |
Характеристики (МАРС) |
__ |
| a |
Дата передачи |
20180828 |
| 990 |
Данные о заказе (DOS) |
__ |
| j |
Количество экземпляров (DOS) |
7 |
| t |
N записи в КСУ для И/У (DOS) |
201809 |